00350 2200145 4500001002100000005001500021035002000036245005400056100001600110300001300126260003100139082000800170084001400178990001200192INLIS00000000000194120250522084531 a0010-05250002331 aSam Po Kong ( Perjalanan Pertama ) /cRemi Silado0 aRemi Silado a1111 hlm aJakarta :bGramedia,c2004 a813 a813 REM s a0713461